Сочинения. Т. 4: Bene nati (Благородные) | Прерванная идиллия | Аргонавты (Запись № 8535252)

Подробности
000 -МАРКЕР
контрольное поле 01134nam2a22002531 4500
001 - ИДЕНТИФИКАТОР ЗАПИСИ
контрольное поле rc\4126654
005 - ИДЕНТИФИКАТОР ВЕРСИИ
контрольное поле 20250611002218.0
021 ## - НОМЕР ГОСУДАРСТВЕННОЙ РЕГИСТРАЦИИ
Код страны Российская Федерация
Номер [54-48435]
035 ## - ДРУГИЕ СИСТЕМНЫЕ НОМЕРА
Идентификатор записи (NLR Aleph) 007983683
100 ## - ДАННЫЕ ОБЩЕЙ ОБРАБОТКИ
Данные общей обработки 20130415d1954 |||y0rusy50 ca
101 1# - ЯЗЫК РЕСУРСА
Язык текста, звукозаписи и т.д. русский
Язык оригинала польский
102 ## - СТРАНА ПУБЛИКАЦИИ ИЛИ ПРОИЗВОДСТВА
Страна публикации Российская Федерация
105 ## - ПОЛЕ КОДИРОВАННЫХ ДАННЫХ: ТЕКСТОВЫЕ МАТЕРИАЛЫ, МОНОГРАФИЧЕСКИЕ
Кодированные данные о монографическом текстовом документе y z |||a|
200 1# - ЗАГЛАВИЕ И СВЕДЕНИЯ ОБ ОТВЕТСТВЕННОСТИ
Основное заглавие Bene nati (Благородные)
-- Прерванная идиллия
-- Аргонавты
Сведения, относящиеся к заглавию [Повести
Первые сведения об ответственности Пер.: Е. Рифтиной]
210 ## - ПУБЛИКАЦИЯ, РАСПРОСТРАНЕНИЕ И ДР.
Дата издания, распространения и т.д. 1954
Место издания, распространения и т.д. Б. м.
215 ## - ФИЗИЧЕСКАЯ ХАРАКТЕРИСТИКА
Специфическое обозначение материала и объем 504 с.
Размеры 20
461 #0 - УРОВЕНЬ НАБОРА
Встроенное поле 001rc\4126650
-- 2001#$aСочинения$eВ 5 т.$e[Пер. с пол.$fВступ. статья Е. Цыбенко, с. 5-25]. Т. 1-5$vТ. 4
-- 700#1$aОжешко$bЭ.$f1841-1910$gЭлиза
Системный номер (АБИС) связанной записи 8535228
Автор Ожешко, Э. (1841-1910)
Место публикации Москва
Дата публикации 1953-1954
Первые сведения об ответственности Вступ. статья Е. Цыбенко, с. 5-25]. Т. 1-5
Имя издателя, распространителя и т.д. Гослитиздат
Сведения, относящиеся к заглавию В 5 т. : [Пер. с пол.
Физическая характеристика 5 т.
Заглавие Сочинения
Номер тома Т. 4
702 #1 - ИМЯ ЛИЦА - ВТОРИЧНАЯ ОТВЕТСТВЕННОСТЬ
Начальный элемент ввода Рифтина
Часть имени, кроме начального элемента ввода Е.
Код отношения Переводчик
801 #0 - ИСТОЧНИК ЗАПИСИ
Страна Российская Федерация
Организация NLR
Правила каталогизации psbo
801 #1 - ИСТОЧНИК ЗАПИСИ
Страна Российская Федерация
Организация ELAR
Источник данных rusmarc
852 ## - МЕСТОНАХОЖДЕНИЕ И ШИФР ХРАНЕНИЯ
Идентификатор организации NLR
Шифр хранения (Call Number) Л60 Г-3/476
942 ## - ДОПОЛНИТЕЛЬНЫЕ ЭЛЕМЕНТЫ ЗАПИСИ (АБИС)
Тип экземпляра АБИС Книга
980 ## - КОЛЛЕКЦИЯ
Название коллекции Национальная библиография
Экземпляры
Тип экземпляра Дата поступления Библиотека постоянного хранения Библиотека текущего хранения Место хранения Шифр хранения Штрих-код Статус экземпляра
Книга 26.10.2013 РНБ (Садовая) РНБ (Садовая) Русский книжный фонд -Главное здание, Ленинский читальный зал Л60 Г-3/476 7983683-10